000 00448nam a2200181Ia 4500
001 20145
005 20260306172744.0
008 260306t2013||||xx |||||||||||||| ||spa||
041 _aESP
082 _a342.72
_bF39
100 _aFernández Rozas, José Carlos
_eAUT
245 0 _aDerecho de los negocios internacionales
260 _c2013
300 _a737 páginas :
_c24 cm.
650 _aGEN
654 _aCDE
942 _cLIB
_dJUS
_fJUS
_2ddc
_n
999 _c20145
_d20145